[Event "Barcelona La Lira op 14th"]
[Site "Barcelona"]
[Date "2023.05.18"]
[Round "5"]
[White "Brunet Espinosa, Roger"]
[Black "Buldo Polls, Joan"]
[Result "1-0"]
[WhiteElo "1603"]
[BlackElo "1983"]
[PlyCount "85"]
[EventDate "2023.04.20"]
[EventType "swiss"]
[EventRounds "9"]
[EventCountry "ESP"]
[SourceTitle "EXT 2024"]
[Source "ChessBase"]
[SourceDate "2023.10.10"]
[SourceVersion "1"]
[SourceVersionDate "2023.10.10"]
[SourceQuality "1"]

1. d4 Nf6 2. c4 g6 3. Nc3 d5 4. Bf4 Bg7 5. Nf3 0-0 6. e3 c6 7. Be2 Nbd7 8. cxd5 Nxd5 9. Nxd5 cxd5 10. 0-0 Re8 11. Rc1 e6 12. Qc2 a6 13. Qc7 Nb8 14. Qxd8 Rxd8 15. Bc7 Re8 16. Rc2 Nc6 17. a3 Bd7 18. Ne5 Rac8 19. Nxd7 Rxc7 20. Nb6 Rce7 21. Rfc1 Bxd4 22. Rxc6 Bxb2 23. Rc8 Bxc1 24. Rxc1 f6 25. Bd3 Rf7 26. Kf1 Kg7 27. Ke2 Ree7 28. Kd2 Rc7 29. Rxc7 Rxc7 30. Na4 Kf7 31. Nc3 Ke7 32. a4 Kd6 33. Kc2 e5 34. Kb3 Rc6 35. f3 f5 36. h3 Rb6+ 37. Ka3 Rc6 38. Kb2 Rc8 39. Ne2 Rf8 40. Kc3 e4 41. Bc2 exf3 42. gxf3 Rc8+ 43. Kd3 1-0

[Event "Barcelona La Lira op 14th"]
[Site "Barcelona"]
[Date "2023.05.11"]
[Round "4"]
[White "Buldo Polls, Joan"]
[Black "Padin Jimenez, Oriol"]
[Result "1-0"]
[WhiteElo "1983"]
[BlackElo "1613"]
[PlyCount "77"]
[EventDate "2023.04.20"]
[EventType "swiss"]
[EventRounds "9"]
[EventCountry "ESP"]
[SourceTitle "EXT 2024"]
[Source "ChessBase"]
[SourceDate "2023.10.10"]
[SourceVersion "1"]
[SourceVersionDate "2023.10.10"]
[SourceQuality "1"]

1. d4 d5 2. c4 Nc6 3. cxd5 Qxd5 4. e3 e5 5. Nc3 Bb4 6. Bd2 Bxc3 7. bxc3 Nf6 8. c4 Qd6 9. d5 Nb8 10. Qc2 Na6 11. e4 0-0 12. Ne2 c6 13. Ng3 Nc5 14. Be2 Bd7 15. 0-0 cxd5 16. cxd5 Rac8 17. Qb1 Qe7 18. f3 b6 19. Bb5 Ncxe4 20. Bb4 Nc5 21. Ba6 Rc7 22. Qd1 Qd6 23. Ne4 Nfxe4 24. fxe4 b5 25. Rc1 Qb6 26. Kh1 Re8 27. Qf3 f6 28. Bxc5 Rxc5 29. Qa3 b4 30. Qd3 Ra5 31. Bc4 Rc8 32. Qd2 Rac5 33. Bb3 Kf8 34. h3 Rc3 35. d6 Rxc1 36. Rxc1 Rxc1+ 37. Qxc1 Qxd6 38. Qc4 Qe7 39. Qg8# 1-0

[Event "Santa Eulalia Vall del Tenes op 7th"]
[Site "Santa Eulalia de Roncana"]
[Date "2018.04.13"]
[Round "2.6"]
[White "Lucena Perianez, Jordi"]
[Black "Buldo Polls, Joan"]
[Result "0-1"]
[WhiteElo "1682"]
[BlackElo "2045"]
[PlyCount "52"]
[EventDate "2018.04.06"]
[EventType "swiss"]
[EventRounds "8"]
[EventCountry "ESP"]
[SourceTitle "EXT 2024"]
[Source "ChessBase"]
[SourceDate "2023.10.10"]
[SourceVersion "1"]
[SourceVersionDate "2023.10.10"]
[SourceQuality "1"]

1. c4 Nf6 2. g3 g6 3. Bg2 Bg7 4. Nc3 0-0 5. Nf3 c6 6. 0-0 d5 7. cxd5 Nxd5 8. Qc2 Na6 9. a3 Nac7 10. Rb1 Bg4 11. b4 Rc8 12. Bb2 Ne6 13. Nxd5 cxd5 14. Qa4 Qb6 15. Bxg7 Nxg7 16. b5 Rc4 17. Qb3 Rfc8 18. Ne5 Bf5 19. Bxd5 R4c7 20. Nxf7 Bxb1 21. Ne5+ e6 22. Rxb1 exd5 23. Qxd5+ Qe6 24. Qe4 Rc1+ 25. Rxc1 Rxc1+ 26. Kg2 Rc5 0-1

[Event "Santa Eulalia Vall del Tenes op 7th"]
[Site "Santa Eulalia de Roncana"]
[Date "2018.04.06"]
[Round "1.7"]
[White "Buldo Polls, Joan"]
[Black "Lopez Torralba, Oscar"]
[Result "1-0"]
[WhiteElo "2045"]
[BlackElo "1507"]
[PlyCount "105"]
[EventDate "2018.04.06"]
[EventType "swiss"]
[EventRounds "8"]
[EventCountry "ESP"]
[SourceTitle "EXT 2024"]
[Source "ChessBase"]
[SourceDate "2023.10.10"]
[SourceVersion "1"]
[SourceVersionDate "2023.10.10"]
[SourceQuality "1"]

1. Nf3 Nf6 2. d4 g6 3. c4 Bg7 4. Nc3 0-0 5. e4 d6 6. Be2 Nbd7 7. Bg5 e5 8. Qd2 Re8 9. 0-0 exd4 10. Nxd4 Nc5 11. f3 a5 12. Rfd1 c6 13. Nb3 Ne6 14. Be3 Bf8 15. Na4 c5 16. Nc3 a4 17. Nc1 Qa5 18. Nd3 Nd4 19. Bf1 h5 20. Nf4 Bh6 21. Bxd4 cxd4 22. Nce2 Qxd2 23. Rxd2 g5 24. Nd5 Nxd5 25. cxd5 g4 26. Rdd1 Be3+ 27. Kh1 gxf3 28. gxf3 Re5 29. Nxd4 Rg5 30. Bg2 Bd7 31. Rd3 Bf4 32. Ne2 Rxg2 33. Kxg2 Bh6 34. Nd4 Kh7 35. Kf2 Rc8 36. Rc3 Rxc3 37. bxc3 Bd2 38. Ne2 Bb5 39. Rd1 Bh6 40. Rb1 Ba6 41. Rb4 a3 42. Rb3 Bxe2 43. Kxe2 Bc1 44. Rxb7 Kg6 45. Rb6 Bf4 46. h4 f5 47. Ra6 fxe4 48. fxe4 Bg3 49. Kf3 Be5 50. c4 Bd4 51. Rxd6+ Kf7 52. Rh6 Bg7 53. Rxh5 1-0

[Event "Llinars op Tardor Llinars d I"]
[Site "Llinars del Valles"]
[Date "2009.10.30"]
[Round "5.4"]
[White "Buldo Polls, Joan"]
[Black "Banet Masuet, Joaquim"]
[Result "1-0"]
[WhiteElo "2110"]
[BlackElo "1809"]
[PlyCount "97"]
[EventDate "2009.10.02"]
[EventType "swiss"]
[EventRounds "9"]
[EventCountry "ESP"]
[SourceTitle "EXT 2024"]
[Source "ChessBase"]
[SourceDate "2023.10.10"]
[SourceVersion "1"]
[SourceVersionDate "2023.10.10"]
[SourceQuality "1"]

1. d4 d5 2. c4 e6 3. Nc3 Nf6 4. Nf3 Be7 5. Bg5 c6 6. e3 b6 7. Bd3 dxc4 8. Bxc4 Nbd7 9. 0-0 Bb7 10. e4 0-0 11. e5 Nd5 12. Bxe7 Qxe7 13. Nxd5 cxd5 14. Bd3 f6 15. Rc1 Rac8 16. Qa4 fxe5 17. Qxa7 Rxc1 18. Rxc1 Rxf3 19. Be2 Qg5 20. Rc7 Rf8 21. Qxb7 Nf6 22. Qxb6 Qf5 23. f3 Ng4 24. dxe5 Nxe5 25. Qe3 Qb1+ 26. Qc1 Qxa2 27. Rc8 Qa7+ 28. Kf1 Qe7 29. Qc3 Ng6 30. Rc7 Qf6 31. Qxf6 gxf6 32. b4 Rb8 33. b5 Rb6 34. Rc6 Rxc6 35. bxc6 Ne7 36. c7 Kf8 37. Ba6 e5 38. c8Q+ Nxc8 39. Bxc8 d4 40. Ke2 Kg7 41. Kd3 Kg6 42. Ke4 Kg5 43. Ba6 h6 44. Bd3 Kg6 45. f4 exf4 46. Kxf4+ Kf7 47. Kf5 Kg7 48. Bc4 h5 49. h4 1-0

[Event "Llinars op Tardor Llinars d I"]
[Site "Llinars del Valles"]
[Date "2009.10.02"]
[Round "1.3"]
[White "Buldo Polls, Joan"]
[Black "Casassas Brosa, Ramon"]
[Result "1-0"]
[WhiteElo "2110"]
[BlackElo "1695"]
[PlyCount "61"]
[EventDate "2009.10.02"]
[EventType "swiss"]
[EventRounds "9"]
[EventCountry "ESP"]
[SourceTitle "EXT 2024"]
[Source "ChessBase"]
[SourceDate "2023.10.10"]
[SourceVersion "1"]
[SourceVersionDate "2023.10.10"]
[SourceQuality "1"]

1. d4 Nf6 2. c4 e6 3. Nf3 b6 4. g3 Bb7 5. Bg2 d5 6. 0-0 Bd6 7. Nc3 c6 8. Bg5 Nbd7 9. e4 Be7 10. cxd5 exd5 11. e5 Ne4 12. Nxe4 dxe4 13. Bxe7 Qxe7 14. Nd2 f5 15. exf6 Nxf6 16. Nxe4 Nxe4 17. Bxe4 0-0 18. Qc2 h6 19. Bxc6 Rac8 20. Qb3+ Kh8 21. Rae1 Qc7 22. Bxb7 Qxb7 23. Re2 Rf3 24. Qb5 Qf7 25. a3 Rf8 26. d5 Rf5 27. Rd2 Rd8 28. Rfd1 g5 29. Qc6 Rf8 30. Qxh6+ Kg8 31. Qe6 1-0